| 000 | 00838nam a22002297a 4500 | ||
|---|---|---|---|
| 005 | 20100211110654.0 | ||
| 008 | 100211t xxu||||| |||| 00| 0 eng d | ||
| 010 | _aENG-95857 | ||
| 020 |
_a0198063350 _c795.00 |
||
| 020 |
_a9780198063353 _c795.00 |
||
| 035 | _aEN-79390 | ||
| 037 | _aDBAD/PUB | ||
| 040 | _aDPL | ||
| 100 | _aMarglin Stephen A. | ||
| 245 |
_aThe dismal Science: _bHow thinking like an economist undermines community/ _cby Stephen A. Marglin |
||
| 260 |
_aNew Delhi _bOxford University Press _c2009 |
||
| 270 |
_aYMCA Library Building, Jai Singh Road _bNew Delhi _e110001 |
||
| 300 |
_axvi, 359p. _c23 cm. (Hb) |
||
| 650 | _aEconomic ideology | ||
| 942 |
_2ddc _cEN _mMAR |
||
| 999 |
_c33884 _d33884 |
||